Радиохимия: пер. с нем.

Bibliographic Details
Main Author: Келлер К. Корнелиус
Summary:Книга написана в виде учебника для вузов и включает разделы, посвященные всем направлениям современной радиохимии. Рассматриваются строение ядра атома, радиоактивность, взаимодействие ионизирующего излучения с веществом и детектирование, ядерные реакции, получение и свойства радиоактивных нуклидов, получение и использование ядерной энергии, применение радионуклидов в химии. Книгу отличают краткость и ясность изложения материала. В ней удачно сочетается современный подход с традициями радиохимической науки. Книга рассчитана на студентов химических и смежных специальностей. Она будет полезна учащимся старших классов школ и техникумов.
Language:Russian
Published: Москва, Атомиздат, 1978
Subjects:
Format: Book
KOHA link:https://koha.lib.tpu.ru/cgi-bin/koha/opac-detail.pl?biblionumber=36521

MARC

LEADER 00000nam0a2200000 4500
001 36521
005 20231031002030.0
035 |a (RuTPU)RU\TPU\book\36994 
035 |a BOOK00003646 
090 |a 36521 
100 |a 20011210d1978 m y0rusy50 ca 
101 1 |a rus  |c ger 
102 |a RU 
105 |a a j 001zy 
200 1 |a Радиохимия  |e пер. с нем.  |f К. Келлер 
210 |a Москва  |c Атомиздат  |d 1978 
215 |a 198 с.  |c ил. 
320 |a Библиогр.: с. 184-187. 
320 |a Алф.-предм. указ.: с. 188-195. 
330 |a Книга написана в виде учебника для вузов и включает разделы, посвященные всем направлениям современной радиохимии. Рассматриваются строение ядра атома, радиоактивность, взаимодействие ионизирующего излучения с веществом и детектирование, ядерные реакции, получение и свойства радиоактивных нуклидов, получение и использование ядерной энергии, применение радионуклидов в химии. Книгу отличают краткость и ясность изложения материала. В ней удачно сочетается современный подход с традициями радиохимической науки. Книга рассчитана на студентов химических и смежных специальностей. Она будет полезна учащимся старших классов школ и техникумов. 
610 1 |a радиохимия 
610 1 |a ядра атомов 
610 1 |a строение 
610 1 |a радиоактивность 
610 1 |a ионизирующие излучения 
610 1 |a ядерные реакции 
610 1 |a радиоактивные нуклиды 
610 1 |a применение 
610 1 |a учебные пособия 
610 1 |a библиотека А. Г. Стромберга 
675 |a 544.58(075.8)  |v 3 
700 1 |a Келлер  |b К.  |g Корнелиус 
801 0 |a RU  |b 63413507  |c 20011210  |g PSBO 
801 2 |a RU  |b 63413507  |c 20200629  |g PSBO 
900 |a Специальная химия 1 
942 |c BK